IndyCar Series - Rookie of the Year - Statistiques

Statistiques générales
  • Ce quiz a été pris 5 fois
  • Le résultat moyen est 16 sur 29
Statistiques - réponses
Année Nationalité Rookie % Correct
2003 Royaume-Uni Dan Wheldon
100%
2019 Suède Felix Rosenqvist
100%
2020 Pays-Bas Rinus VeeKay
100%
2021 Nouvelle-Zélande Scott McLaughlin
100%
2012 France Simon Pagenaud
100%
2022 Danemark Christian Lundgaard
75%
2017 Émirats arabes unis Ed Jones
75%
2024 Suède Linus Lundqvist
75%
2025 Royaume-Uni Louis Foster
75%
2023 Nouvelle-Zélande Marcus Armstrong
75%
2007 États-Unis Ryan Hunter-Reay
75%
2013 France Tristan Vautier
75%
2014 Colombie Carlos Muñoz
50%
2005 États-Unis Danica Patrick
50%
2015 Colombie Gabby Chaves
50%
2011 Canada James Hinchcliffe
50%
2006 États-Unis Marco Andretti
50%
2018 Canada Robert Wickens
50%
2000 Brésil Airton Daré
25%
2010 Royaume-Uni Alex Lloyd
25%
2001 Brésil Felipe Giaffone
25%
2008 Japon Hideki Mutoh
25%
1997 États-Unis Jim Guthrie
25%
2004 Japon Kosuke Matsuura
25%
2002 France Laurent Rédon
25%
2009 Brésil Raphael Matos
25%
1998 États-Unis Robby Unser
25%
2016 États-Unis Alexander Rossi
0%
1999 États-Unis Scott Harrington
0%
Aucun quiz correspondant
Distribution des résultats
% des personnes avec chaque résultat
Percentile par nombre de réponses
Votre historique - résultats
Vous n’avez pas pris ce quiz